Estatísticas para Todos os Pokémon de Johto - Com imagens

Clique aqui para jogar o quiz

Estatísticas Gerais

  • Esse quiz foi jogado 106 vezes
  • A pontuação média é 56 de 100

Estatísticas das Respostas

Resposta% Correto
Chikorita
88%
Totodile
79%
Pichu
78%
Meganium
77%
Quilava
77%
Bayleef
71%
Natu
71%
Crobat
68%
Umbreon
68%
Heracross
67%
Aipom
66%
Cleffa
66%
Lugia
66%
Suicune
66%
Togepi
66%
Xatu
66%
Azumarill
65%
Croconaw
65%
Marill
65%
Slowking
65%
Teddiursa
65%
Ursaring
65%
Ampharos
63%
Celebi
63%
Entei
63%
Ho-Oh
63%
Tyranitar
63%
Elekid
62%
Espeon
62%
Steelix
62%
Hoothoot
61%
Mareep
61%
Spinarak
61%
Furret
60%
Larvitar
60%
Raikou
60%
Corsola
59%
Feraligatr
59%
Girafarig
59%
Miltank
59%
Pineco
59%
Pupitar
59%
Slugma
59%
Kingdra
57%
Scizor
57%
Sentret
57%
Sudowoodo
57%
Sunflora
57%
Cyndaquill
56%
Gligar
56%
Hitmontop
56%
Typhlosion
56%
Ledyba
55%
Togetic
55%
Unown
55%
Ariados
54%
Porygon2
54%
Skarmory
54%
Houndoom
52%
Magby
52%
Noctowl
52%
Dunsparce
51%
Misdreavus
51%
Phanpy
51%
Delibird
50%
Magcargo
50%
Mantine
50%
Quagsire
50%
Remoraid
50%
Flaaffy
49%
Hoppip
49%
Sneasel
49%
Wobbuffet
49%
Wooper
49%
Bellossom
48%
Blissey
48%
Yanma
48%
Chinchou
46%
Lanturn
46%
Murkrow
46%
Shuckle
46%
Tyrogue
46%
Houndour
45%
Sunkern
45%
Donphan
44%
Ledian
44%
Piloswine
44%
Politoed
44%
Snubull
44%
Swinub
44%
Granbull
43%
Igglybuff
43%
Qwilfish
41%
Octillery
40%
Smeargle
40%
Forretress
38%
Jumpluff
37%
Smoochum
34%
Stantler
34%
Skiploom
33%

Distribuição das Pontuações

Percentil de Números Respondidos

Porcentagem de Pessoas com Cada Pontuação

Sua Pontuação Histórica

Você não jogou esse quiz